Vencer la depresión: técnicas psicológicas que te ayudarán (Registro nro. 4716)

Detalles MARC
000 -Cabecera
Campo de control de longitud fija 00765aam a2200289 4500
005 - Fecha y hora de la última transacción
Campo de control 20250820174154.0
008 - Elementos de longitud fija--Información general
Campo de control de longitud fija 150416b2005 xxu||||| |||| 00| 0 spa d
020 ## - International Standard Book Number
Número Internacional Estándar del Libro (ISBN) 8433019562
041 ## - Idioma
Código de idioma Español
082 ## - Clasificación Decimal Dewey
Número de clasificación 158 D772v
100 ## - Entrada principal--Autor personal
Nombre personal Bosqued, Marisa
245 ## - Título propiamente dicho
Título Vencer la depresión: técnicas psicológicas que te ayudarán
260 ## - Pie de imprenta
Lugar de publicación, distribución, etc. Estados Unidos
260 ## - Pie de imprenta
Nombre del editor, distribuidor, etc. Desclée de brouwer
260 ## - Pie de imprenta
Fecha de publicación, distribución, etc. 2005
300 ## - Descripción física
Extensión 315 páginas
490 ## - Serie
Título de la Serie Temática General
650 ## - Materia general
Temática (materia general) PSICOLOGÍA
650 ## - Materia general
Temática (materia general) DEPRESIÓN
650 ## - Materia general
Temática (materia general) CONDUCTA FAMILIAR
650 ## - Materia general
Temática (materia general) TÉCNICAS DE RELAJACIÓN
650 ## - Materia general
Temática (materia general) CONTROL DE RESPIRACIÓN
650 ## - Materia general
Temática (materia general) TERAPIAS COGNITIVAS
650 ## - Materia general
Temática (materia general) AUTOESTIMA
650 ## - Materia general
Temática (materia general) HABILIDADES SOCIALES
942 ## - Punto de acceso adicional KOHA
Tipo de ítem KOHA Libro
Fuente del sistema de clasificación o colocación Dewey Decimal Classification
Existencias
Signatura completa Código de barras Programa Académico Tipo de ítem
158 D772v 16525 Temática General Libro